[Event "Berlin Werner Ott op"]
[Site "Berlin"]
[Date "2019.06.29"]
[Round "8"]
[White "Schulz, Michael"]
[Black "Jurkatis, Hagen"]
[Result "1/2-1/2"]
[WhiteElo "2161"]
[BlackElo "1961"]
[PlyCount "112"]
[EventDate "2019.06.22"]
[EventType "swiss"]
[EventRounds "9"]
[EventCountry "GER"]
[SourceTitle "EXT 2022"]
[Source "ChessBase"]
[SourceDate "2021.10.06"]
[SourceVersion "1"]
[SourceVersionDate "2021.10.06"]
[SourceQuality "1"]

1. e4 d6 2. d4 g6 3. Nc3 Bg7 4. Be2 a6 5. a4 b6 6. Nf3 e6 7. 0-0 Bb7 8. Re1 Nf6 9. Bf1 0-0 10. Bg5 h6 11. Bh4 g5 12. Nxg5 hxg5 13. Bxg5 Nc6 14. Re3 Nxd4 15. Qxd4 Ng4 16. e5 Qxg5 17. Rg3 Bxe5 18. Qxg4 Qxg4 19. Rxg4+ Kh8 20. Ra3 Rg8 21. Rh4+ Kg7 22. Nd1 Rh8 23. Rah3 Rxh4 24. Rxh4 f5 25. c3 Bf6 26. Rh3 Bd5 27. Ne3 Bb3 28. Bd3 Rg8 29. Bc2 Bxc2 30. Nxc2 Be5 31. g3 c5 32. Kf1 Bf6 33. Ke2 b5 34. a5 Rb8 35. g4 fxg4 36. Rg3 Kf7 37. Ne3 Be5 38. Rxg4 Rh8 39. h4 Bf6 40. Ng2 c4 41. Kf3 Bd8 42. Rd4 d5 43. Rf4+ Ke8 44. Rg4 Rf8+ 45. Rf4 Bxa5 46. h5 Bc7 47. Rxf8+ Kxf8 48. Kg4 Kg7 49. f4 a5 50. f5 exf5+ 51. Kxf5 b4 52. Ne3 bxc3 53. bxc3 a4 54. Ke6 Ba5 55. Kxd5 Bxc3 56. Kxc4 Kh6 1/2-1/2

[Event "Berlin Werner Ott op"]
[Site "Berlin"]
[Date "2017.07.23"]
[Round "9"]
[White "Jurkatis, Hagen"]
[Black "Polatel, Ali"]
[Result "0-1"]
[WhiteElo "1988"]
[BlackElo "2211"]
[PlyCount "96"]
[EventDate "2017.07.15"]
[EventType "swiss"]
[EventRounds "9"]
[EventCountry "GER"]
[SourceTitle "EXT 2019"]
[Source "ChessBase"]
[SourceDate "2018.10.10"]
[SourceVersion "1"]
[SourceVersionDate "2018.10.10"]
[SourceQuality "1"]

1. f4 f5 2. e4 fxe4 3. d3 e3 4. Bxe3 d5 5. Nf3 Nf6 6. Ne5 d4 7. Bd2 g6 8. Be2 Bg7 9. Bf3 0-0 10. Na3 Nbd7 11. Nxd7 Nxd7 12. Nc4 e5 13. 0-0 c6 14. Bg4 exf4 15. Bxf4 Nf6 16. Bxc8 Qxc8 17. Qe2 Qd7 18. Rae1 Rae8 19. Qd2 b5 20. Nd6 Rxe1 21. Qxe1 Nd5 22. Bg3 Rxf1+ 23. Qxf1 Nb4 24. Ne4 Qe6 25. Qf4 h6 26. Qb8+ Kh7 27. Qxa7 Nxc2 28. Bf2 Ne3 29. b3 Nf5 30. h3 g5 31. Kh1 Qe5 32. Qc5 Qf4 33. Qxc6 Be5 34. Qd7+ Ng7 35. Bg3 Qf1+ 36. Kh2 Bxg3+ 37. Nxg3 Qf4 38. Qd5 Qb8 39. Qxd4 Qxg3+ 40. Kxg3 Nf5+ 41. Kf3 Nxd4+ 42. Ke4 Ne2 43. d4 b4 44. Ke5 Kg6 45. d5 Kf7 46. Kd6 Nf4 47. g3 Nxh3 48. Kc7 g4 0-1

[Event "Berlin Werner Ott op"]
[Site "Berlin"]
[Date "2017.07.22"]
[Round "8"]
[White "Niehaus, Frank"]
[Black "Jurkatis, Hagen"]
[Result "1/2-1/2"]
[WhiteElo "2199"]
[BlackElo "1988"]
[PlyCount "58"]
[EventDate "2017.07.15"]
[EventType "swiss"]
[EventRounds "9"]
[EventCountry "GER"]
[SourceTitle "EXT 2019"]
[Source "ChessBase"]
[SourceDate "2018.10.10"]
[SourceVersion "1"]
[SourceVersionDate "2018.10.10"]
[SourceQuality "1"]

1. e4 d6 2. d4 Nf6 3. Nc3 e5 4. f4 exd4 5. Qxd4 Be7 6. Nf3 0-0 7. Be3 a6 8. 0-0-0 b5 9. e5 dxe5 10. fxe5 Qxd4 11. Bxd4 Nfd7 12. Bd3 Nc5 13. Nd5 Nxd3+ 14. Rxd3 Bd8 15. Rhd1 Nc6 16. Rc3 Bb7 17. Bc5 Re8 18. Re3 Re6 19. Kb1 g5 20. g4 Kg7 21. Nc3 h6 22. Ne2 Be7 23. Bxe7 Rxe7 24. Ng3 Bc8 25. h3 Kg6 26. Rde1 Bd7 27. Nh5 Be6 28. a3 Rd8 29. b3 Bd5 1/2-1/2

[Event "Berlin Werner Ott op"]
[Site "Berlin"]
[Date "2017.07.16"]
[Round "2"]
[White "Abel, Dennes"]
[Black "Jurkatis, Hagen"]
[Result "1-0"]
[WhiteElo "2442"]
[BlackElo "1988"]
[PlyCount "95"]
[EventDate "2017.07.15"]
[EventType "swiss"]
[EventRounds "9"]
[EventCountry "GER"]
[SourceTitle "EXT 2019"]
[Source "ChessBase"]
[SourceDate "2018.10.10"]
[SourceVersion "1"]
[SourceVersionDate "2018.10.10"]
[SourceQuality "1"]

1. Nf3 d6 2. d4 f5 3. g3 Nf6 4. Bg2 g6 5. b3 Bg7 6. Bb2 0-0 7. 0-0 c6 8. c4 Qc7 9. Qc2 Re8 10. Nbd2 Na6 11. Rad1 e5 12. c5 exd4 13. cxd6 Qxd6 14. Nc4 Qc7 15. Bxd4 Ne4 16. Bxg7 Qxg7 17. Nd6 Nxd6 18. Rxd6 Nb4 19. Qc4+ Nd5 20. Nd4 Kh8 21. Bxd5 cxd5 22. Qxd5 f4 23. Ne6 Bxe6 24. Rxe6 Rxe6 25. Qxe6 Rf8 26. Rd1 fxg3 27. hxg3 Qf7 28. Qxf7 Rxf7 29. f4 Kg7 30. Kf2 Kf6 31. Rd6+ Ke7 32. Rd3 Ke6 33. Kf3 Rc7 34. g4 Rc1 35. Re3+ Kf6 36. g5+ Kf7 37. Re4 Rc3+ 38. e3 Rc7 39. a4 a6 40. Rc4 Rd7 41. b4 Ke6 42. Ke4 Rf7 43. Rc5 Rd7 44. Re5+ Kf7 45. b5 axb5 46. axb5 b6 47. Rd5 Re7+ 48. Kd4 1-0

[Event "Berlin Kreuzberg op"]
[Site "Berlin"]
[Date "2016.07.19"]
[Round "4"]
[White "Boettcher, Patrick"]
[Black "Jurkatis, Hagen"]
[Result "1/2-1/2"]
[WhiteElo "2169"]
[BlackElo "1985"]
[PlyCount "50"]
[EventDate "2016.07.16"]
[EventType "swiss"]
[EventRounds "9"]
[EventCountry "GER"]
[SourceTitle "CBM 173 Extra"]
[Source "ChessBase"]
[SourceDate "2016.08.29"]
[SourceVersion "1"]
[SourceVersionDate "2016.08.29"]
[SourceQuality "1"]

1. d4 d6 2. c4 g6 3. Nc3 Bg7 4. e4 e5 5. Be3 exd4 6. Bxd4 Nf6 7. Nf3 Nc6 8. Be3 0-0 9. Be2 Re8 10. Qc2 h6 11. h3 b6 12. 0-0 Bb7 13. a3 Kh7 14. b4 a5 15. Rab1 axb4 16. axb4 Rc8 17. c5 dxc5 18. bxc5 Qe7 19. Nd2 Nd8 20. f3 Nh5 21. Rfc1 Qf6 22. Qb3 Nf4 23. Bc4 Qg5 24. Bxf4 Qxf4 25. Nf1 Bd4+ 1/2-1/2

[Event "Berlin Eckbauer op 18th"]
[Site "Berlin"]
[Date "2015.11.02"]
[Round "4"]
[White "Tuerschmann, Steffen"]
[Black "Jurkatis, Hagen"]
[Result "1-0"]
[WhiteElo "1952"]
[BlackElo "2028"]
[PlyCount "93"]
[EventDate "2015.10.05"]
[EventType "swiss"]
[EventRounds "7"]
[EventCountry "GER"]
[SourceTitle "EXT 2022"]
[Source "ChessBase"]
[SourceDate "2021.10.06"]
[SourceVersion "1"]
[SourceVersionDate "2021.10.06"]
[SourceQuality "1"]

1. d4 d6 2. Nf3 f5 3. c4 Nf6 4. Nc3 g6 5. g3 Bg7 6. Bg2 0-0 7. 0-0 Nc6 8. Bf4 Nh5 9. Bc1 Nf6 10. e3 e5 11. d5 Ne7 12. Qc2 h6 13. e4 g5 14. exf5 Bxf5 15. Qe2 Qd7 16. Nd2 Bh3 17. Nde4 Bxg2 18. Kxg2 g4 19. f3 gxf3+ 20. Rxf3 Nf5 21. Be3 Ng4 22. Bg1 Nd4 23. Bxd4 exd4 24. Nd1 Rxf3 25. Qxf3 Rf8 26. Qe2 Re8 27. Qf3 Rf8 28. Qe2 Qf5 29. Ndf2 Ne3+ 30. Kg1 Re8 31. Nd2 Rf8 32. Nd3 Be5 33. b3 h5 34. Nf1 Ng4 35. Re1 h4 36. h3 Ne3 37. Nxe3 dxe3 38. g4 Qe4 39. Nxe5 Qxe5 40. Qxe3 Qf6 41. Qe6+ Qf7 42. Kg2 Kg7 43. Qxf7+ Rxf7 44. Re3 a5 45. Rf3 Re7 46. Kf2 Re5 47. Re3 1-0

[Event "Berlin Eckbauer op 17th"]
[Site "Berlin"]
[Date "2014.10.13"]
[Round "2"]
[White "Jurkatis, Hagen"]
[Black "Mayer, Herbert"]
[Result "1-0"]
[WhiteElo "2049"]
[BlackElo "1970"]
[PlyCount "85"]
[EventDate "2014.10.06"]
[EventType "swiss"]
[EventRounds "7"]
[EventCountry "GER"]
[SourceTitle "EXT 2022"]
[Source "ChessBase"]
[SourceDate "2021.10.06"]
[SourceVersion "1"]
[SourceVersionDate "2021.10.06"]
[SourceQuality "1"]

1. d4 d5 2. Bf4 Nf6 3. e3 c5 4. c3 Qb6 5. Qb3 Nc6 6. Nd2 c4 7. Qc2 Nh5 8. Be5 Nxe5 9. dxe5 g6 10. Be2 Ng7 11. e4 e6 12. Ngf3 Be7 13. 0-0 0-0 14. b3 cxb3 15. axb3 dxe4 16. Nxe4 Bd7 17. Nd4 Rfd8 18. Rfd1 Ne8 19. Rd3 f5 20. exf6 Bxf6 21. Nxf6+ Nxf6 22. Rad1 e5 23. Nf3 Bf5 24. Rxd8+ Rxd8 25. Bc4+ Kg7 26. Qe2 e4 27. Rxd8 Qxd8 28. Nd4 Qb6 29. Qe3 Bd7 30. Qg3 Qa5 31. h3 b5 32. Qe5 Qa1+ 33. Bf1 Qa3 34. b4 Qa2 35. Nxb5 Bxb5 36. Bxb5 Qf7 37. c4 Kh6 38. Qf4+ g5 39. Qd6 Kg7 40. Qe5 Qg6 41. g4 h5 42. h4 hxg4 43. hxg5 1-0

[Event "Zehlendorf op 14th"]
[Site "Berlin"]
[Date "2014.06.19"]
[Round "6"]
[White "Jurkatis, Hagen"]
[Black "Boettcher, Patrick"]
[Result "0-1"]
[WhiteElo "2073"]
[BlackElo "2172"]
[PlyCount "62"]
[EventDate "2014.05.08"]
[EventType "swiss"]
[EventRounds "7"]
[EventCountry "GER"]
[SourceTitle "EXT 2023"]
[Source "ChessBase"]
[SourceDate "2022.10.05"]
[SourceVersion "1"]
[SourceVersionDate "2022.10.05"]
[SourceQuality "1"]

1. d4 Nf6 2. Bg5 Ne4 3. Bf4 c5 4. f3 Qa5+ 5. c3 Nf6 6. d5 Qb6 7. e4 Qxb2 8. Nd2 Qxc3 9. Bc7 d6 10. Ne2 Qe3 11. Nc4 Qh6 12. Ba5 g5 13. Bd2 Qg6 14. Nc3 Bg7 15. Bd3 0-0 16. Qe2 Qh5 17. 0-0-0 Nbd7 18. h4 g4 19. f4 Ne8 20. Ne3 Nb6 21. Nf1 c4 22. Bc2 f6 23. e5 fxe5 24. Ng3 Qf7 25. fxe5 Bxe5 26. Rhf1 Nf6 27. Nge4 Qg7 28. Nxf6+ Bxf6 29. Rxf6 Qxf6 30. Ne4 Qa1+ 31. Bb1 Na4 0-1

[Event "Wunsiedel op 8th"]
[Site "Wunsiedel"]
[Date "2014.05.29"]
[Round "1"]
[White "Jurkatis, Hagen"]
[Black "Halkias, Stelios"]
[Result "0-1"]
[WhiteElo "2058"]
[BlackElo "2530"]
[PlyCount "44"]
[EventDate "2014.05.29"]
[EventType "swiss"]
[EventRounds "7"]
[EventCountry "GER"]
[SourceTitle "CBM 160 Extra"]
[Source "ChessBase"]
[SourceDate "2014.07.01"]
[SourceVersion "1"]
[SourceVersionDate "2014.07.01"]
[SourceQuality "1"]

1. d4 Nf6 2. Bg5 d5 3. Bxf6 gxf6 4. e3 c5 5. dxc5 Nc6 6. Nc3 e6 7. g3 Bxc5 8. Bg2 h5 9. h4 Ne5 10. Nge2 Ng4 11. Nd4 Bd7 12. Qe2 Qb6 13. 0-0-0 Rc8 14. Bf3 Ne5 15. Bxd5 exd5 16. Nxd5 Qd8 17. f3 Bc6 18. Nxc6 bxc6 19. Nf4 Qa5 20. Nd3 Qxa2 21. Nxe5 fxe5 22. c3 Rb8 0-1

[Event "Berlin Eckbauer op 16th"]
[Site "Berlin"]
[Date "2013.11.18"]
[Round "7"]
[White "Jurkatis, Hagen"]
[Black "Korell, Klaus Peter"]
[Result "1-0"]
[WhiteElo "2094"]
[BlackElo "1960"]
[PlyCount "67"]
[EventDate "2013.10.07"]
[EventType "swiss"]
[EventRounds "7"]
[EventCountry "GER"]
[SourceTitle "EXT 2022"]
[Source "ChessBase"]
[SourceDate "2021.10.06"]
[SourceVersion "1"]
[SourceVersionDate "2021.10.06"]
[SourceQuality "1"]

1. d4 g6 2. e4 Bg7 3. c3 d6 4. h3 Nd7 5. Nf3 e5 6. Bc4 Ngf6 7. dxe5 dxe5 8. 0-0 0-0 9. Re1 Qe7 10. Qc2 Nb6 11. Bf1 Bd7 12. b4 Ba4 13. Qb2 Bc6 14. Nbd2 Na4 15. Qc2 b5 16. c4 a6 17. cxb5 Bxb5 18. Nc4 Nd7 19. Bd2 Rfc8 20. Ne3 c6 21. Bc4 Nab6 22. Bb3 Rd8 23. Nc4 Nxc4 24. Bxc4 Nb6 25. Bb3 Rac8 26. Be3 Na8 27. Rad1 Bf8 28. Bc5 Qf6 29. a4 Bxc5 30. bxc5 Nc7 31. axb5 cxb5 32. Rd6 Ne6 33. Bxe6 fxe6 34. Rxa6 1-0

[Event "Rostock SSC op 12th"]
[Site "Rostock"]
[Date "2013.08.04"]
[Round "7"]
[White "Worm, Alfred"]
[Black "Jurkatis, Hagen"]
[Result "0-1"]
[WhiteElo "1844"]
[BlackElo "2094"]
[PlyCount "78"]
[EventDate "2013.07.31"]
[EventType "swiss"]
[EventRounds "7"]
[EventCountry "GER"]
[SourceTitle "EXT 2018"]
[Source "ChessBase"]
[SourceDate "2017.10.13"]
[SourceVersion "1"]
[SourceVersionDate "2017.10.13"]
[SourceQuality "1"]

1. e4 d6 2. d4 Nf6 3. Nc3 Nbd7 4. Nf3 e5 5. Bc4 Be7 6. 0-0 0-0 7. a4 a5 8. Re1 c6 9. d5 Nc5 10. Bd2 Bg4 11. Qb1 Bh5 12. Bg5 Nxd5 13. Bxe7 Nxe7 14. b4 axb4 15. Qxb4 Ng6 16. Re3 Nf4 17. Ne1 Qa5 18. Qxa5 Rxa5 19. g3 Nfe6 20. Nd3 b5 21. Bb3 bxa4 22. Nxa4 Nxd3 23. Rxd3 Nd4 24. Ra2 Rfa8 25. Rb2 Be2 26. Re3 Bb5 27. Ra2 Bxa4 28. Bxa4 Rxa4 29. Rb2 h6 30. c3 Nb5 31. f4 f6 32. fxe5 fxe5 33. Rd2 Ra1+ 34. Kg2 R8a2 35. Rf2 Rxf2+ 36. Kxf2 Rc1 37. Rd3 Rxc3 38. Rd2 Nd4 39. Rd1 Rc2+ 0-1

[Event "Rostock SSC 07 op 11th"]
[Site "Rostock"]
[Date "2012.08.05"]
[Round "7"]
[White "Jurkatis, Hagen"]
[Black "Burmeister, Rick"]
[Result "0-1"]
[WhiteElo "2071"]
[BlackElo "2269"]
[PlyCount "130"]
[EventDate "2012.08.01"]
[EventType "swiss"]
[EventRounds "7"]
[EventCountry "GER"]
[SourceTitle "EXT 2017"]
[Source "ChessBase"]
[SourceDate "2016.10.25"]
[SourceVersion "1"]
[SourceVersionDate "2016.10.25"]
[SourceQuality "1"]

1. d4 e6 2. Bf4 f5 3. e3 Nf6 4. Nf3 b6 5. c4 Bb7 6. Nc3 Bb4 7. Qb3 a5 8. a3 Be7 9. h3 Ne4 10. Be2 0-0 11. Nxe4 Bxe4 12. 0-0 a4 13. Qd1 d6 14. Nd2 Bb7 15. Bf3 Bxf3 16. Qxf3 Nd7 17. Qc6 e5 18. dxe5 dxe5 19. Bh2 Bd6 20. Nf3 Qe7 21. Rfd1 Nf6 22. Bg3 h6 23. Nh4 Qe6 24. f4 Ne4 25. fxe5 Nxg3 26. exd6 Qxe3+ 27. Kh2 Ne4 28. Qd5+ Kh7 29. Nf3 Nxd6 30. Qd4 Rae8 31. Qh4 Re4 32. Qg3 Rxc4 33. Re1 Qf4 34. Qxf4 Rxf4 35. Re7 Rf7 36. Re5 Nc4 37. Re2 Re4 38. Rc2 b5 39. Rac1 Rd7 40. Kh1 g5 41. Kh2 Kg6 42. Kg1 g4 43. hxg4 fxg4 44. Nh2 Kg5 45. Nf1 h5 46. Rf2 h4 47. Rfc2 g3 48. Rc3 Red4 49. b3 axb3 50. Rxb3 c6 51. a4 Rd1 52. Rbc3 Rxc1 53. Rxc1 Rd3 54. axb5 cxb5 55. Rb1 Na3 56. Re1 b4 57. Ra1 Kf4 58. Kh1 b3 59. Rxa3 Rd1 60. Ra4+ Ke5 61. Ra5+ Kd6 62. Kg1 b2 63. Rf5 b1Q 64. Rf3 Qb6+ 65. Kh1 Qf2 0-1

[Event "Rostock SSC 07 op 11th"]
[Site "Rostock"]
[Date "2012.08.03"]
[Round "4"]
[White "Szelag, Marcin"]
[Black "Jurkatis, Hagen"]
[Result "1-0"]
[WhiteElo "2482"]
[BlackElo "2071"]
[PlyCount "29"]
[EventDate "2012.08.01"]
[EventType "swiss"]
[EventRounds "7"]
[EventCountry "GER"]
[SourceTitle "EXT 2017"]
[Source "ChessBase"]
[SourceDate "2016.10.25"]
[SourceVersion "1"]
[SourceVersionDate "2016.10.25"]
[SourceQuality "1"]

1. e4 d6 2. d4 Nf6 3. Nc3 Nbd7 4. Nf3 e5 5. Bc4 Be7 6. 0-0 0-0 7. a4 c6 8. a5 Rb8 9. Qe2 b5 10. axb6 axb6 11. d5 Bb7 12. Rd1 b5 13. dxc6 Bxc6 14. Bxb5 Nxe4 15. Bxc6 1-0

[Event "Zehlendorf op"]
[Site "Berlin"]
[Date "2012.05.31"]
[Round "3"]
[White "Jurkatis, Hagen"]
[Black "Reichenbach, Werner"]
[Result "1-0"]
[WhiteElo "2046"]
[BlackElo "2289"]
[PlyCount "75"]
[EventDate "2012.05.10"]
[EventType "swiss"]
[EventRounds "7"]
[EventCountry "GER"]
[SourceTitle "EXT 2022"]
[Source "ChessBase"]
[SourceDate "2021.10.06"]
[SourceVersion "1"]
[SourceVersionDate "2021.10.06"]
[SourceQuality "1"]

1. d4 Nf6 2. Bf4 g6 3. Nf3 Bg7 4. Nc3 d5 5. e3 0-0 6. Be2 c5 7. Ne5 b6 8. h4 Bb7 9. h5 Nbd7 10. hxg6 hxg6 11. Qd2 Ne4 12. Nxe4 Nxe5 13. dxe5 dxe4 14. 0-0-0 Bc6 15. Qe1 Qc8 16. Qg1 Qe6 17. Qh2 f5 18. b3 b5 19. g4 fxg4 20. Rdg1 Rxf4 21. exf4 e3 22. Bxg4 Qd5 23. fxe3 Kf8 24. Rd1 Qe4 25. Qd2 a5 26. Rhf1 Qb4 27. Qxb4 axb4 28. Bf3 Bxf3 29. Rxf3 Rxa2 30. Kb1 Ra8 31. Rg3 Kf7 32. Rdg1 Ra6 33. Rd1 c4 34. Rd5 Rb6 35. bxc4 bxc4 36. Rc5 c3 37. Ka2 Bf8 38. Rc7 1-0

[Event "Berlin-ch"]
[Site "Berlin"]
[Date "2011.05.01"]
[Round "9"]
[White "Huels, Marco"]
[Black "Jurkatis, Hagen"]
[Result "1/2-1/2"]
[WhiteElo "2087"]
[BlackElo "2057"]
[PlyCount "47"]
[EventDate "2011.04.23"]
[EventType "swiss"]
[EventRounds "9"]
[EventCountry "GER"]
[SourceTitle "CBM 142 Extra"]
[Source "ChessBase"]
[SourceDate "2011.06.27"]
[SourceVersion "1"]
[SourceVersionDate "2011.06.27"]
[SourceQuality "1"]

1. e4 d6 2. d4 Nf6 3. Bd3 e5 4. d5 Be7 5. c4 0-0 6. Ne2 Nh5 7. Be3 Bg5 8. Qd2 Bxe3 9. Qxe3 Qf6 10. Nbc3 Nf4 11. Nxf4 exf4 12. Qe2 Nd7 13. f3 Ne5 14. 0-0-0 a6 15. Qd2 Bd7 16. Ne2 b5 17. Qxf4 Qxf4+ 18. Nxf4 bxc4 19. Bc2 Rab8 20. b3 cxb3 21. axb3 Bb5 22. Nd3 Bxd3 23. Bxd3 Rxb3 24. Bxa6 1/2-1/2

[Event "Berlin-ch"]
[Site "Berlin"]
[Date "2011.04.29"]
[Round "7"]
[White "Jurkatis, Hagen"]
[Black "Hahlbohm, Matthias"]
[Result "1-0"]
[WhiteElo "2057"]
[BlackElo "2099"]
[PlyCount "41"]
[EventDate "2011.04.23"]
[EventType "swiss"]
[EventRounds "9"]
[EventCountry "GER"]
[SourceTitle "CBM 142 Extra"]
[Source "ChessBase"]
[SourceDate "2011.06.27"]
[SourceVersion "1"]
[SourceVersionDate "2011.06.27"]
[SourceQuality "1"]

1. d4 d5 2. Bf4 e6 3. e3 c5 4. c3 Nc6 5. Nd2 f5 6. Ngf3 Nf6 7. h3 Bd6 8. Bxd6 Qxd6 9. Bb5 0-0 10. 0-0 Bd7 11. Qe2 a6 12. Bxc6 Bxc6 13. dxc5 Qxc5 14. Nd4 e5 15. Ne6 Qd6 16. Nxf8 Bb5 17. c4 dxc4 18. a4 c3 19. axb5 cxd2 20. Rfd1 Kxf8 21. Qxd2 1-0

[Event "Berlin-ch"]
[Site "Berlin"]
[Date "2011.04.23"]
[Round "1"]
[White "Dimitrijeski, Kristian"]
[Black "Jurkatis, Hagen"]
[Result "1-0"]
[WhiteElo "2200"]
[BlackElo "2057"]
[PlyCount "81"]
[EventDate "2011.04.23"]
[EventType "swiss"]
[EventRounds "9"]
[EventCountry "GER"]
[SourceTitle "CBM 142 Extra"]
[Source "ChessBase"]
[SourceDate "2011.06.27"]
[SourceVersion "1"]
[SourceVersionDate "2011.06.27"]
[SourceQuality "1"]

1. d4 d5 2. c4 dxc4 3. e4 e5 4. Nf3 exd4 5. Qxd4 Qxd4 6. Nxd4 Nf6 7. f3 Bc5 8. Nb5 Na6 9. Bf4 Be6 10. Nd2 Nh5 11. Nxc7+ Nxc7 12. Bxc7 Rc8 13. Be5 f6 14. Bc3 b5 15. b4 Bb6 16. g3 0-0 17. Be2 Rfd8 18. f4 g6 19. 0-0-0 a5 20. Bxh5 gxh5 21. Bxf6 Bg4 22. Bxd8 Rxd8 23. bxa5 Bxa5 24. Nb1 Bxd1 25. Rxd1 Rxd1+ 26. Kxd1 b4 27. Nd2 c3 28. Nc4 Bd8 29. Kc2 Be7 30. a3 bxa3 31. Kxc3 Bc5 32. h3 Kg7 33. Kb3 Kf6 34. Nxa3 Bf2 35. Nc4 Bxg3 36. f5 Bc7 37. Kc3 Bb8 38. Kd4 Ba7+ 39. Kd5 Kg5 40. Ke6 Kh4 41. f6 1-0

[Event "Berlin Eckbauer op 12th"]
[Site "Berlin"]
[Date "2009.10.12"]
[Round "5.14"]
[White "Bauer, Stefan"]
[Black "Jurkatis, Hagen"]
[Result "0-1"]
[WhiteElo "1773"]
[BlackElo "2118"]
[PlyCount "64"]
[EventDate "2009.09.14"]
[EventType "swiss"]
[EventRounds "7"]
[EventCountry "GER"]
[SourceTitle "EXT 2022"]
[Source "ChessBase"]
[SourceDate "2021.10.06"]
[SourceVersion "1"]
[SourceVersionDate "2021.10.06"]
[SourceQuality "1"]

1. Nf3 d6 2. d4 Nf6 3. c4 Nbd7 4. Nc3 e5 5. e4 Be7 6. d5 0-0 7. Qc2 a5 8. Be2 c6 9. h4 Nc5 10. Be3 Ng4 11. Bg5 h6 12. Bd2 Bd7 13. g3 Rc8 14. b3 Qb6 15. Be3 Nxe3 16. fxe3 f5 17. exf5 Bxf5 18. e4 Bg4 19. Rf1 Bh3 20. Rf2 Rf7 21. 0-0-0 Nxb3+ 22. Qxb3 Qxf2 23. dxc6 bxc6 24. c5 Qxc5 25. Rd3 Rcf8 26. Kb2 Kh8 27. Na4 Qf2 28. Ng1 Qxg1 29. g4 Bf1 30. Rf3 Rxf3 31. Bxf3 Qd4+ 32. Kc2 Qf2+ 0-1

[Event "Berlin Eckbauer op 12th"]
[Site "Berlin"]
[Date "2009.09.18"]
[Round "1.1"]
[White "Tripolsky, Eugene"]
[Black "Jurkatis, Hagen"]
[Result "1-0"]
[WhiteElo "2379"]
[BlackElo "2118"]
[PlyCount "59"]
[EventDate "2009.09.14"]
[EventType "swiss"]
[EventRounds "7"]
[EventCountry "GER"]
[SourceTitle "EXT 2022"]
[Source "ChessBase"]
[SourceDate "2021.10.06"]
[SourceVersion "1"]
[SourceVersionDate "2021.10.06"]
[SourceQuality "1"]

1. e4 e6 2. d4 d5 3. Nc3 Nc6 4. Nf3 Nf6 5. Bg5 Be7 6. e5 Ne4 7. Bxe7 Qxe7 8. Bd3 Ng5 9. Bb5 Nxf3+ 10. Qxf3 0-0 11. 0-0-0 Nb4 12. a3 Na6 13. Bxa6 bxa6 14. Na4 f6 15. exf6 Rxf6 16. Qe3 Bd7 17. Nc5 Qd6 18. g3 Be8 19. f4 Rb8 20. Rhe1 Bg6 21. Qc3 Rb6 22. Re5 Bf5 23. Rde1 Rc6 24. Qf3 Rxc5 25. dxc5 Qxc5 26. Qc3 Qb6 27. b4 Rh6 28. R1e2 Rxh2 29. Rxh2 Qg1+ 30. Qe1 1-0